|
|
|
|
| LEADER |
00000nam0a2200000 4500 |
| 001 |
279979 |
| 005 |
20231101235248.0 |
| 020 |
|
|
|a RU
|b 86-64786
|
| 035 |
|
|
|a (RuTPU)RU\TPU\book\303286
|
| 090 |
|
|
|a 279979
|
| 100 |
|
|
|a 20141224d1986 k y0rusy5003 ca
|
| 101 |
0 |
|
|a rus
|
| 102 |
|
|
|a RU
|
| 105 |
|
|
|a a z 001zy
|
| 200 |
1 |
|
|a Теплообмен с He-II
|f Е. В. Аметистов, В. А. Григорьев
|
| 210 |
|
|
|a Москва
|c Энергоатомиздат
|d 1986
|
| 215 |
|
|
|a 144 с.
|c ил.
|
| 320 |
|
|
|a Библиогр.: с. 132-139 (181 назв.)
|
| 606 |
1 |
|
|a Гелий жидкий
|x Теплообмен
|x (хладотехника)
|2 stltpush
|3 (RuTPU)RU\TPU\subj\68627
|9 83823
|
| 610 |
1 |
|
|a холодильная техника
|
| 610 |
1 |
|
|a физические проблемы
|
| 610 |
1 |
|
|a сверхтекучий гелий
|
| 610 |
1 |
|
|a теплоотдача
|
| 610 |
1 |
|
|a тепловые потоки
|
| 610 |
1 |
|
|a неравновесные процессы
|
| 610 |
1 |
|
|a испарение
|
| 610 |
1 |
|
|a конденсация
|
| 610 |
1 |
|
|a пленочное кипение
|
| 610 |
1 |
|
|a аналитическое исследование
|
| 610 |
1 |
|
|a экстремальные наблюдения
|
| 675 |
|
|
|a 621.564.3:536.24
|v 4
|
| 700 |
|
1 |
|a Аметистов
|b Е. В.
|g Евгений Викторович
|
| 701 |
|
1 |
|a Григорьев
|b В. А.
|g Валентин Александрович
|
| 801 |
|
0 |
|a RU
|b RuMRKP
|c 19950704
|g psbo
|
| 801 |
|
1 |
|a RU
|b 63413507
|c 20141224
|
| 801 |
|
2 |
|a RU
|b 63413507
|c 20170426
|g RCR
|
| 942 |
|
|
|c BK
|